000 00859nam a2200241Ii 4500
003 JO-AjNU
008 230605s9999||||xx |||||||||||||| ||und||
017 _a2011/9427
020 _a978-977-389-102-2
040 _aJO-AjNU
_bara
_erda
_cJO-AjNU
041 _aara
050 1 4 _aQA76.9.D3.A2888 2012
100 3 _aابو العطا، مجدي محمد,
_eauthor
_944611
245 0 0 _aالمرجع الاساسي لقاعدة البيانات =MICROSOFT ACCESS 2010
250 _aط1
264 3 1 _aالقاهرة، كمبيوساينس ، 2012
300 _a596ص
_bصور توضيحية
336 _atext
_btxt
_2rdacontent
337 _aunmediated
_bn
_2rdamedia
338 _avolume
_bnc
_2rdacarrier
490 0 _a160 سلسلة علوم الحاسب مجموعة كتب الحاسب الشخصي
650 4 _aقواعد البيانات
_944612
999 _aA19275
_c22843
_d22843